Dio di illusioni /

সংরক্ষণ করুন:
গ্রন্থ-পঞ্জীর বিবরন
প্রধান লেখক: Tartt, Donna (লেখক)
অন্যান্য লেখক: Landolfi, Idolina (অনুবাদক)
বিন্যাস: গ্রন্থ
ভাষা:ইতালিয়
প্রকাশিত: [Milano] : Club, 1993
ট্যাগগুলো: ট্যাগ যুক্ত করুন
কোনো ট্যাগ নেই, প্রথমজন হিসাবে ট্যাগ করুন!

MARC

LEADER 00000nam a22000007i 4500
001 IT\ICCU\ANA\0069984
003 ItRI
005 20250207173511.0
008 010605s1993 it |||||| ||||| |||||c
040 |b ita  |c Arcigay Genova 
041 7 |a ita  |2 ISO-639-2 
100 1 |a Tartt, Donna  |0 IT\ICCU\RAVV\079538  |4 aut 
240 1 4 |a The secret history  |9 Tartt, Donna 
245 1 0 |a Dio di illusioni /  |c Donna Tartt. 
260 |a [Milano] :  |b Club,  |c 1993 
300 |a 431 p. ;  |c 25 cm 
500 |a Trad. di Idolina Landolfi 
700 1 |a Landolfi, Idolina  |0 IT\ICCU\CFIV\108366  |4 trl 
942 |2 ddc  |c BK 
952 |0 0  |1 0  |2 ddc  |4 0  |6 813_000000000000000_TAR_DIO  |7 1  |9 2952  |a GE  |b GE  |d 2025-02-07  |l 0  |o 813 TAR DIO  |p 1488  |r 2025-02-07 17:39:07  |w 2025-02-07  |x Donazione di Alvaro Bazzano  |y BK  |z Donazione AB 
981 1 |6 z01  |a i   |b xxxe  
982 1 |6 z01  |a n 
999 |c 2462  |d 2462